<?xml version="1.0" encoding="UTF-8"?><?xml-stylesheet type="text/xsl" href="static/style.xsl"?><OAI-PMH xmlns="http://www.openarchives.org/OAI/2.0/" xmlns:xsi="http://www.w3.org/2001/XMLSchema-instance" xsi:schemaLocation="http://www.openarchives.org/OAI/2.0/ http://www.openarchives.org/OAI/2.0/OAI-PMH.xsd"><responseDate>2026-04-30T00:42:30Z</responseDate><request verb="GetRecord" identifier="oai:uvadoc.uva.es:10324/72332" metadataPrefix="marc">https://uvadoc.uva.es/oai/request</request><GetRecord><record><header><identifier>oai:uvadoc.uva.es:10324/72332</identifier><datestamp>2025-09-03T10:06:45Z</datestamp><setSpec>com_10324_2555</setSpec><setSpec>col_10324_2560</setSpec></header><metadata><record xmlns="http://www.loc.gov/MARC21/slim" xmlns:doc="http://www.lyncode.com/xoai" xmlns:xsi="http://www.w3.org/2001/XMLSchema-instance" xmlns:dcterms="http://purl.org/dc/terms/" xsi:schemaLocation="http://www.loc.gov/MARC21/slim http://www.loc.gov/standards/marcxml/schema/MARC21slim.xsd">
<leader>00925njm 22002777a 4500</leader>
<datafield tag="042" ind1=" " ind2=" ">
<subfield code="a">dc</subfield>
</datafield>
<datafield tag="720" ind1=" " ind2=" ">
<subfield code="a">Fernández Lázaro, Diego</subfield>
<subfield code="e">author</subfield>
</datafield>
<datafield tag="260" ind1=" " ind2=" ">
<subfield code="c">2024</subfield>
</datafield>
<datafield tag="520" ind1=" " ind2=" ">
<subfield code="a">El sistema nervioso está formado por una red de neuronas cuya principal característica es generar, modular y transmitir información entre las diferentes partes del cuerpo humano. Esta propiedad del tejido nervioso permite realizar varias funciones importantes de dicho sistema, como la regulación de las funciones vitales del cuerpo (los latidos del corazón, la respiración, digestión, entre otros) la sensibilidad y los movimientos corporales.</subfield>
</datafield>
<datafield tag="024" ind2=" " ind1="8">
<subfield code="a">https://uvadoc.uva.es/handle/10324/72332</subfield>
</datafield>
<datafield tag="245" ind1="0" ind2="0">
<subfield code="a">Histología del Sistema Nervioso</subfield>
</datafield>
</record></metadata></record></GetRecord></OAI-PMH>